000 00782nam a2200229 i 4500
001 153723
003 ES-MaACL
005 20250827062627.0
008 931025s1891 sp |||| | spa d
080 _a338.47(460):656.2
110 1 _aEspaña
_93622
240 1 0 _a[Leyes, etc. de ferrocarriles]
245 1 0 _aLegislación de ferrocarriles /
_cpor Emilio Bravo Moltó.
260 _aMadrid :
_b[s.n.],
_c1891 (
_fEstab. tip. de Pedro Núñez)
300 _a272 p. ;
_c19 cm.
490 1 _aBiblioteca judicial ;
_v85
650 4 _aTransportes ferroviarios-
_xDerecho y legislación-
_zEspaña.
_9150734
700 1 _aBravo Moltó, Emilio.
_931493
830 1 _aBiblioteca judicial ;
_v85
_9181856
852 4 _aES-MaACL
_jB-6635
_z- Enc. pasta
999 _c153723
_d153723